Team Logo - Atlantic Coast Conference - Statistics

General Stats
  • This quiz has been taken 39 times
    17 since last reset
  • The average score is 17 of 18
Answer Stats
Picture Answer % Correct
Clemson Tigers
100%
Duke Blue Devils
100%
Florida State Seminoles
100%
Louisville Cardinals
100%
Miami Hurricanes
100%
NC State Wolfpack
100%
Notre Dame Fighting Irish
100%
SMU Mustangs
100%
Stanford Cardinal
100%
Syracuse Orange
100%
Virginia Tech Hokies
100%
Wake Forest Demon Deacons
100%
California Golden Bears
93%
Georgia Tech Yellow Jackets
93%
North Carolina Tar Heels
93%
Virginia Cavaliers
93%
Boston College Eagles
87%
Pittsburgh Panthers
80%
No matching quizzes found
Score Distribution
Percent of People with Each Score
Percentile by Number Answered
Your Score History
You have not taken this quiz since the last reset